000
00340pab a2200145 454500
008
180718b1985 xxu||||| |||| 00| 0 eng d
100
_a
Nirmala, S.
245
_a
Executive motivation - a public sector experience
260
_c
1985
300
_a
19-22
362
_a
Dec.
650
_a
Motivation
773
_a
Lok Udyog
909
_a
13758
999
_c
13758
_d
13758